00548nam a2200145Ia 4500003000900000008004100009020002600050040001600076100002700092245009500119260003200214300002000246490003300266856010300299IN-BaIIA211028s9999 xx s 000 0 eng d a9780819401298 (Print) cIIA Library aMcIntosh, Gregory, ed. 0aThermosense XI: Intl Conf on Thermal Infrared Sensing for Diagnostics and Controlh[eBook] aWashington, USAbSPIEc1989 aOnline resource aProceedings of SPIE; V. 1094 uhttps://www.spiedigitallibrary.org/conference-proceedings-of-spie/1094yClick Here to Access eBook